Načítá se...

Cyanophyta /

Podrobná bibliografie
Hlavní autor: Desikachary, T. V.
Médium: Printed Book
Jazyk:English
Vydáno: New Delhi : ICAR, 1959.
Edice:I.C.A.R.Monographs on algae
LEADER 00482nam a2200145Ia 4500
008 150624b xxu||||| |||| 00| 0 eng d
082 |a 579.39 
100 |a Desikachary, T. V. 
245 |a Cyanophyta /  |c T. V. Desikachary 
260 |a New Delhi :  |b ICAR,  |c 1959. 
300 |a 686 p. 
490 |a I.C.A.R.Monographs on algae 
942 |c TXT 
999 |c 21814  |d 21814 
952 |0 0  |1 0  |4 0  |6 579_390000000000000_DES_C  |7 0  |9 21813  |a UL  |b UL  |c ST1  |d 1998-09-01  |l 0  |o 579.39 DES/C  |p 31907  |r 2012-10-27  |w 2012-10-27  |y TXT